Bài toán mạng giao thông đa phương tiện tuyến tính

Bewaard in:
Bibliografische gegevens
Hoofdauteur: Trần Quốc Chiến PGS.TSKH (Chủ nhiệm đề tài)
Formaat: Boek
Gepubliceerd in: 2010
Tags: Voeg label toe
Geen labels, Wees de eerste die dit record labelt!
Thư viện lưu trữ: Mạng thư viện Đại học Đà Nẵng
LEADER 00701nam a2200229 4500
001 000020553
003 16999
005 20150323080322.0
008 150323s2010 sd
100 1 |a Trần Quốc Chiến  |c PGS.TSKH  |e Chủ nhiệm đề tài 
245 1 0 |a Bài toán mạng giao thông đa phương tiện tuyến tính  |c Trần Quốc Chiến 
260 |c 2010 
500 |a Đề tài NCKH cấp Bộ . Mã số : B2010-03-52 
OWN |a LSP 
999 |a From the UDN01 
TYP |a Mixed Materials 
TYP |a Monograph 
TYP |a Printed language 
980 |a Mạng thư viện Đại học Đà Nẵng